00439nam a2200157Ia 4500008004100000020002200041041000800063082001900071100001300090245007400103260003100177300000900208500001600217650003100233700001700264220803s9999 xx 000 0 und d a978-0-7506-8022-6 aeng a720.47 KWO/GRO aKwok A G aGreen Studio Handbook : Environmental Strategies For Schematic Design aOxfordbElsevier Incc2007 a387p aEnvironment aEnvironmental Architecture aGrondzik W T